ՀՀ Գիտությունների ազգային ակադեմիայի հիմնարար գիտական գրադարան  =   Fundamental Scientific Library of NAS RA
Normal view MARC view

Entry Personal Name

Number of records used in: 9

001 - CONTROL NUMBER

  • control field: 3970

003 - CONTROL NUMBER IDENTIFIER

  • control field: AM-YEHGA

005 - DATE AND TIME OF LATEST TRANSACTION

  • control field: 20250617070448.0

008 - FIXED-LENGTH DATA ELEMENTS

  • fixed length control field: 100624 a|ac|n|aab||||||||||||a |n|||||||

040 ## - CATALOGING SOURCE

  • Original cataloging agency: AM-YEHGA

100 1# - HEADING--PERSONAL NAME

  • Personal name: Մեսրոպ, Լևոն,
  • Dates associated with a name: 1880-1960

400 1# - SEE FROM TRACING--PERSONAL NAME

  • Personal name: Մեսրոպ, Լ.
  • Fuller form of name: (Լևոն),
  • Dates associated with a name: 1880-1960

400 1# - SEE FROM TRACING--PERSONAL NAME

  • Control subfield: a
  • Personal name: Մեսրոպյան, Լևոն Մեսրոպի,
  • Dates associated with a name: 1880-1960

400 1# - SEE FROM TRACING--PERSONAL NAME

  • Control subfield: a
  • Personal name: Տեր-Մեսրոպյան, Լևոն Մեսրոպի,
  • Dates associated with a name: 1880-1960

400 1# - SEE FROM TRACING--PERSONAL NAME

  • Personal name: Մեսրոպ, Լեւոն,
  • Dates associated with a name: 1880-1960

400 0# - SEE FROM TRACING--PERSONAL NAME

  • Personal name: Լեւոն Մեսրոպ,
  • Dates associated with a name: 1880-1960

400 0# - SEE FROM TRACING--PERSONAL NAME

  • Personal name: Լևոն Մեսրոպ,
  • Dates associated with a name: 1880-1960

400 0# - SEE FROM TRACING--PERSONAL NAME

  • Personal name: Լ.Մ.
  • Fuller form of name: (Լեւոն Մեսրոպ),
  • Dates associated with a name: 1880-1960

400 1# - SEE FROM TRACING--PERSONAL NAME

  • Personal name: Մեսրոպ, Լ.
  • Fuller form of name: (Լեւոն),
  • Dates associated with a name: 1880-1960

400 1# - SEE FROM TRACING--PERSONAL NAME

  • Personal name: Месроп, Левон,
  • Dates associated with a name: 1880-1960

400 1# - SEE FROM TRACING--PERSONAL NAME

  • Personal name: Mesrop, Levon,
  • Dates associated with a name: 1880-1960

670 ## - SOURCE DATA FOUND

  • Source citation: Հովակիմյան Բ.Մ. Հայոց ծածկանունների բառարան, 2005 :
  • Information found: էջ 671 (Մեսրոպյան (Տեր-Մեսրոպյան) Լևոն Մեսրոպի (14.09.1881 - 1960) - գրող); bIն.տ. (Ծածկ.՝ Լ.; Լ.Մ.; Լևոն-Մեսրոպ; Մեսրոպ, Լևոն)

670 ## - SOURCE DATA FOUND

  • Source citation: Ով ով է. հայեր (կենսագրական հանրագիտարան), 2007 :
  • Information found: հ.2 (Մեսրոպ (Մեսրոպյան) Լևոն Մեսրոպի (1880, Կ.Պոլիս - 1960, Փարիզ), գրող, մշակութ. գործիչ)

670 ## - SOURCE DATA FOUND

  • Source citation: Հաշիշին : Պատմական վէպ, 1939 :
  • Information found: տիտղթ. (Լ. Մեսրոպ)

670 ## - SOURCE DATA FOUND

  • Source citation: Օմար Խայեամ :Կեանքը եւ գործը եւ իր քառեակները, 1923 :
  • Information found: տիտղթ. (Թարգմ. պարսկ. բնագր.՝ Լեւոն Մեսրոպ)

670 ## - SOURCE DATA FOUND

  • Source citation: Մահացու սէրը :(Մակար Չուդրա) : Պատմուածք գնչուներու կեանքէն, 1927 :
  • Information found: տիտղթ.(Մ. Կորքի; Թարգմ.՝ Լ.Մ.)


ՀՀ ԳԱԱ հիմնարար գիտական գրադարան
ՀՀ,Երևան 0019
Մարշալ Բաղրամյան 24/6
հեռախոս:(374-10) 52-47-50
Հետադարձ կապ

All site content, except where otherwise noted, is licensed under a
Creative Commons License